000 01195nam a2200313 i 4500
003 EG-GICUC
005 20260418162625.0
008 260418s1991 au ||||fr|||| 00| 0 ara d
017 _a85 /7453
020 _a977 _ 04 _ 0210 _ 9
040 _a EG-GICUC
_bara
_c EG-GICUC
_d EG-GICUC
_erda
041 0 _aara
082 0 4 _221
_a345.693
_bم م . ر
092 0 4 _221
099 _aLaw1 07 345.693 م م . ر 1991
100 0 _aمحمد محمد بدران
_eAuthor.
245 0 0 _aرقابة القضاء على أعمال الإدارة.
_nالكتاب الأول :
_bمبدأ المشروعية وتنظيم القضاء الاداري واختصاصه /
_cمحمد محمد بدران
264 1 _aمصر :
_bدار النهضة العربية،
_c1991.
300 _a279 صفحة ؛
_c24 سم
336 _2rda content
_atext
337 _2rda media
_aComputer
338 _2rda carrier
_aOnline Resource
546 _aالنص باللغة العربية
650 1 _aالرقابة القضائية علي اعمال الادارة
_2qrmak
651 1 _2qrmak
856 4 0 _uhttps://fll.law.cu.edu.eg/fulltext/bks/لآ07-03598.pdf
905 _a165
942 _2ddc
_cBK
_e21
_n0
999 _c71677
_d71677